Introduction a la rhetorique : (رقم التسجيلة. 133498)

تفاصيل مارك
000 -LEADER
fixed length control field 00895cam a2200289 a 4500
008 - FIXED-LENGTH DATA ELEMENTS--GENERAL INFORMATION
fixed length control field 140507s1995 fr b 000 0 fre d
010 ## - LIBRARY OF CONGRESS CONTROL NUMBER
LC control number 91212123
020 ## - INTERNATIONAL STANDARD BOOK NUMBER
International Standard Book Number 2130625681
020 ## - INTERNATIONAL STANDARD BOOK NUMBER
International Standard Book Number 9782130625681
040 ## - CATALOGING SOURCE
Original cataloging agency EG-GiCUC
Language of cataloging fre
Transcribing agency EG-GiCUC
050 00 - LIBRARY OF CONGRESS CALL NUMBER
Classification number P301
Item number .R345 1995
092 04 - LOCALLY ASSIGNED DEWEY CALL NUMBER (OCLC)
Classification number 808.061
Item number R292 1995
Edition number 21
099 ## - LOCAL FREE-TEXT CALL NUMBER (OCLC)
Classification number 04
-- 808.061 R292 1995
100 1# - MAIN ENTRY--PERSONAL NAME
Personal name Reboul, Olivier.
245 10 - TITLE STATEMENT
Title Introduction a la rhetorique :
Remainder of title theorie et pratique /
Statement of responsibility, etc. Olivier Reboul.
250 ## - EDITION STATEMENT
Edition statement 2e ed.
260 ## - PUBLICATION, DISTRIBUTION, ETC.
Place of publication, distribution, etc. Paris :
Name of publisher, distributor, etc. Presses universitaires de France,
Date of publication, distribution, etc. c1995.
300 ## - PHYSICAL DESCRIPTION
Extent viii, 242 p. ;
Dimensions 22 cm.
440 #0 - SERIES STATEMENT/ADDED ENTRY--TITLE
Title Collection Premier cycle
504 ## - BIBLIOGRAPHY, ETC. NOTE
Bibliography, etc. note Includes bibliographical references (p. [229]-230) and index.
650 #0 - SUBJECT ADDED ENTRY--TOPICAL TERM
Topical term or geographic name entry element Rhetoric.
902 ## - LOCAL DATA ELEMENT B, LDB (RLIN)
No. of Items 1
905 ## - LOCAL DATA ELEMENT E, LDE (RLIN)
Cataloger Ibrahim
Reviser Rev
905 ## - LOCAL DATA ELEMENT E, LDE (RLIN)
Cataloger Jamal
Reviser Cat.
942 ## - ADDED ENTRY ELEMENTS (KOHA)
Source of classification or shelving scheme Dewey Decimal Classification
Koha item type Books
المقتنيات
Source of classification or shelving scheme Not for loan Home library Current library Date acquired Full call number Barcode Date last seen Koha item type
Dewey Decimal Classification   المكتبة المركزبة الجديدة - جامعة القاهرة قاعة الثقاقات الاجنبية - الدور الثالث 11.02.2024 808.061 R292 1995 Fre. 01000110198024000 05.07.2024 Books
Cairo University Libraries Portal Implemented & Customized by: Eng. M. Mohamady Contacts: new-lib@cl.cu.edu.eg | cnul@cl.cu.edu.eg
CUCL logo CNUL logo
© All rights reserved — Cairo University Libraries
CUCL logo
Implemented & Customized by: Eng. M. Mohamady Contact: new-lib@cl.cu.edu.eg © All rights reserved — New Central Library
CNUL logo
Implemented & Customized by: Eng. M. Mohamady Contact: cnul@cl.cu.edu.eg © All rights reserved — Cairo National University Library